| 000 -LEADER |
| fixed length control field |
01410pab a2200217 454500 |
| 008 - FIXED-LENGTH DATA ELEMENTS--GENERAL INFORMATION |
| fixed length control field |
180718b2000 xxu||||| |||| 00| 0 eng d |
| 100 ## - MAIN ENTRY--PERSONAL NAME |
| Personal name |
Kwong, Julia |
| 245 ## - TITLE STATEMENT |
| Title |
Organizationala ethics and bureaucratic corruption in Chinese school |
| 260 ## - PUBLICATION, DISTRIBUTION, ETC. |
| Date of publication, distribution, etc. |
2000 |
| 300 ## - PHYSICAL DESCRIPTION |
| Extent |
p.1925-942 |
| 362 ## - DATES OF PUBLICATION AND/OR SEQUENTIAL DESIGNATION |
| Dates of publication and/or sequential designation |
Nov |
| 520 ## - SUMMARY, ETC. |
| Summary, etc. |
This paper takes issue with a central theme in the literature on corruption that a centralized bureaucratic structure necessarily promotes corruption. It argues that the growth of corruption after 1976 was not so much the result of a centralized bureaucratic structure as that of the changing organizational ethics in the schools. In an examination of the schools since 1949, it shows that their structures have not changed radically. But by separating the organizational ethics into their real and ideal dimensions, it demonstrates that despite the continuity in the official goals and codes of ethics, the `real' or fundamental organizational ethic have changed, and new standards of behavior have prompted members to break organizational rules in the more or less decentralized organizational structures. - Reproduced |
| 650 ## - SUBJECT ADDED ENTRY--TOPICAL TERM |
| Topical term or geographic name entry element |
Ethics - China |
| 650 ## - SUBJECT ADDED ENTRY--TOPICAL TERM |
| Topical term or geographic name entry element |
Schools - China |
| 650 ## - SUBJECT ADDED ENTRY--TOPICAL TERM |
| Topical term or geographic name entry element |
Bureaucracy - China |
| 650 ## - SUBJECT ADDED ENTRY--TOPICAL TERM |
| Topical term or geographic name entry element |
Organizations - China |
| 650 ## - SUBJECT ADDED ENTRY--TOPICAL TERM |
| Topical term or geographic name entry element |
Corruption - China |
| 650 ## - SUBJECT ADDED ENTRY--TOPICAL TERM |
| Topical term or geographic name entry element |
Corruption |
| 773 ## - HOST ITEM ENTRY |
| Main entry heading |
International Journal of Public Administration |
| 909 ## - |
| -- |
45766 |